000 00600nam a2200205 a 4500
008
020 _a00859211649 (pbk.)
049 _aMAIN
090 _aRE36
_bBAL
100 1 _aBalderstone, Simon.
245 1 0 _aSeeing is believing /
_cSimon Balderstone photography Michael Amendolia.
260 _aNew York :
_bJ. M.McGregor Publishers,
_cc1994.
300 _axvi, 95 p. :
_bill. ;
_c24 cm.
650 1 _aOphthalmology.
907 _a.b10370614
_b04-03-16
_c26-02-16
003
005 20230120204211.0
040 _cNUST
942 _cBOOKS
_kRE36
_mBAL
999 _c118938
_d118938